000 00651nam a22001937a 4500
003 OSt
005 20251216053152.0
008 251216b |||||||| |||| 00| 0 eng d
020 _a1-84140-411-X.
040 _aDWCL-Admin lib
_cOC
082 _aCirc. 657.3 P946u 2003
110 _aPricewaterhousecoopers LLP's UK Accounting Teachnical Department
245 _aUnderstanding IAS 7 :
_bcash flow statements /
_cPricewaterhousecoopers LLP's UK Accounting Teachnical Department
260 _a London :
_bCCH,
_cc2003.
300 _a iii, 141 p. ;
_c21 cm.
504 _ainclude index.
650 _a1. Accounting.
942 _2ddc
_cBK-CIRC
_kCirc.
_n0
999 _c7111
_d7111